000 00432nam a2200181Ia 4500
001 16185
005 20260306170251.0
008 260306t2006||||xx |||||||||||||| ||und||
041 _aESP
082 _a347.3
_bC48 2006
100 _aCerini, Silvana María
_eAUT
245 0 _aNuevos contratos comerciales
260 _c2006
300 _a97 páginas :
_c23 cm.
650 _aGEN
654 _aCDE
942 _cLIB
_dJUS
_fJUS
_2ddc
_n
999 _c16185
_d16185